000 00318nam a22001337a 4500
008 170814b xxu||||| |||| 00| 0 eng d
020 _a2900321460843
041 _aeng
080 _25TH
_a51
100 _a36
101 _aMAT
245 _aMATHEMATICAL REASONING FOR ELEMENTARY TEACHERS
_cLONG,C.T
942 _2udc
_cBK
999 _c23356
_d23356